Loading...

THE DIARY OF A WIMPY KID THE THIRD WHEEL

Bibliographic Details
Main Author: KINNEY JEFF
Format: Printed Book
Published: LONDON PUFFIN BOOKS 2016
Subjects:
LEADER 00479nam a2200169 4500
020
082 |a 813.6 KIN 
100 |a KINNEY JEFF 
245 |a THE DIARY OF A WIMPY KID THE THIRD WHEEL  |h English 
250
260 |a LONDON  |b PUFFIN BOOKS  |c 2016 
300
650 |a THE DIARY OF A WIMPY KID THE THIRD WHEEL 
700
942 |c BK 
999 |c 151351  |d 151351 
952 |0 0  |1 0  |4 0  |6 813_600000000000000_KIN  |7 0  |9 164811  |a ORI  |b ORI  |l 0  |o 813.6 KIN  |p ORI8068  |r 2019-10-25  |w 2019-10-25  |y BK